[Event "Nizhnij Novgorod Dubinin Memorial 22nd"]
[Site "Nizhnij Novgorod"]
[Date "2015.??.??"]
[Round "7"]
[White "Maslennikov, Pavel"]
[Black "Zavivaev, Ilya"]
[Result "1-0"]
[WhiteElo "1885"]
[BlackElo "1492"]
[PlyCount "127"]
[EventDate "2015.01.03"]
[EventType "swiss"]
[EventRounds "9"]
[EventCountry "RUS"]
[SourceTitle "CBM 164 Extra"]
[Source "ChessBase"]
[SourceDate "2015.03.02"]
[SourceVersion "1"]
[SourceVersionDate "2015.03.02"]
[SourceQuality "1"]

1. d4 d5 2. Nf3 c6 3. g3 Nf6 4. Bg2 Bf5 5. c3 e6 6. Nbd2 h6 7. 0-0 Nbd7 8. Re1 Bd6 9. a3 0-0 10. c4 Rc8 11. b4 e5 12. dxe5 Nxe5 13. cxd5 cxd5 14. Qb3 Bb8 15. Bb2 Nc4 16. Bd4 Ne4 17. Nf1 Re8 18. Ne3 Be6 19. Rac1 Qd6 20. Red1 Qa6 21. Ra1 Nxe3 22. Qxe3 Rc2 23. Qb3 Rec8 24. Ne1 R2c4 25. Bf1 Nc3 26. Rd3 Qc6 27. e3 Nb5 28. Bb2 d4 29. Qd1 Bf5 30. Rxd4 Nxd4 31. Bxc4 Qxc4 32. Qxd4 Qxd4 33. Bxd4 b6 34. f3 f6 35. Kf2 Kf7 36. Ke2 Rc4 37. Kd2 h5 38. Rc1 Be6 39. Rxc4 Bxc4 40. a4 b5 41. Kc3 a6 42. axb5 axb5 43. Nd3 h4 44. f4 hxg3 45. hxg3 Ke6 46. Nf2 g5 47. Bc5 Kf5 48. Bd4 Ke6 49. Ng4 f5 50. Nf2 g4 51. e4 fxe4 52. Nxg4 Kf5 53. Ne3+ Kg6 54. Bc5 Bd3 55. Kd2 Kg7 56. Ke1 Kg6 57. Kf2 Kf6 58. Kg2 Be2 59. Kh3 Ke6 60. Kh4 Bc7 61. f5+ Ke5 62. f6 Bd8 63. Be7 Bc4 64. Bxd8 1-0